Význačnosť vizuálnej informácie v obraze

Salvato in:
Dettagli Bibliografici
Autore principale: Petrík, Richard (Autore)
Altri autori: Vargic, Radoslav (Relatore della tesi)
Natura: Manoscritto Libro
Lingua:slovacco
Pubblicazione: 2018
Soggetti:
Accesso online:http://is.stuba.sk/zp/portal_zp.pl?podrobnosti=136940
Tags: Aggiungi Tag
Nessun Tag, puoi essere il primo ad aggiungerne!!

MARC

LEADER 00000ntm a22000003a 4500
001 stuzp66478
003 SK-STU
005 20181029140352.5
007 ta
008 150427s2015----xo-----f-mn---000-0-slo-d
040 |a STU  |b slo 
041 0 |a slo 
044 |a xo 
100 1 |a Petrík, Richard  |u 037000  |4 aut  |U FEI Fakulta elektrotechniky a informatiky  |T FEI Ústav multimediálnych informačných a komunikačných technológií  |X 54228  |U E070  |Y 818  |7 54228 
242 0 1 |a The distinction of visual information in the image  |y eng 
245 1 0 |a Význačnosť vizuálnej informácie v obraze 
260 |c 2018 
300 |a 62 s. 
650 4 |a patients  |2 eng 
650 4 |a classification  |2 eng 
650 4 |a confusion matrix  |2 eng 
650 4 |a schizophrenia  |2 eng 
650 4 |a pacienti  |2 slo 
650 4 |a klasifikácia  |2 slo 
650 4 |a confusion matrix  |2 slo 
650 4 |a schizofrénia  |2 slo 
700 1 |a Vargic, Radoslav  |u 037000  |k Z1  |4 ths  |U FEI Fakulta elektrotechniky a informatiky  |T FEI Ústav multimediálnych informačných a komunikačných technológií  |X 1918  |U E070  |Y 818  |7 A000001918 
856 4 |u http://is.stuba.sk/zp/portal_zp.pl?podrobnosti=136940 
996 |b 284EP11941  |c E*DIPL- 11941  |l EE37  |s P  |a 0  |w stuzp66478_0001